[Event "Campeonato España Sub 16"]
[Site "Salobreña"]
[Date "2017.07.29"]
[Round "9"]
[White "Sama Salinas, Hector"]
[Black "Ayats Llobera, Gerard"]
[Result "0-1"]
[Board "1"]
[WhiteClock "n/a"]
[WhiteElo "2205"]
[WhiteCountry "ESP"]
[WhiteFideId "32086857"]
[WhiteEloChange "-8"]
[BlackClock "n/a"]
[BlackTitle "FM"]
[BlackElo "2261"]
[BlackCountry "ESP"]
[BlackFideId "32067607"]
[BlackEloChange "8"]

1. g3 {[%clk 1:30:30]} c5 {[%clk 1:30:30]} 2. Bg2 {[%clk 1:30:30]} Nc6 {[%clk
1:30:30]} 3. e4 {[%clk 1:30:30]} e6 {[%clk 1:30:30]} 4. c3 {[%clk 1:30:30]} Nge7
{[%clk 1:30:30]} 5. Ne2 {[%clk 1:30:30]} d5 {[%clk 1:30:30]} 6. exd5 {[%clk
1:30:30]} Nxd5 {[%clk 1:30:30]} 7. d4 {[%clk 1:30:30]} Nb6 {[%clk 1:30:30]} 8.
O-O {[%clk 1:30:30]} Bd7 {[%clk 1:30:30]} 9. dxc5 {[%clk 1:30:30]} Bxc5 {[%clk
1:30:30]} 10. Nd2 {[%clk 1:30:30]} O-O {[%clk 1:27:14]} 11. Nb3 {[%clk 1:26:59]}
Be7 {[%clk 1:23:45]} 12. Nbd4 {[%clk 1:25:29]} Nxd4 {[%clk 1:23:14]} 13. Nxd4
{[%clk 1:23:59]} Qc7 {[%clk 1:22:45]} 14. Qe2 {[%clk 1:21:29]} e5 {[%clk
1:22:13]} 15. Nb3 {[%clk 1:18:02]} a5 {[%clk 1:16:42]} 16. Re1 {[%clk 1:13:33]}
a4 {[%clk 1:16:11]} 17. Nd2 {[%clk 1:13:02]} f6 {[%clk 1:12:43]} 18. a3 {[%clk
1:05:31]} Kh8 {[%clk 1:11:12]} 19. Nf3 {[%clk 1:01:02]} Bc6 {[%clk 1:08:43]} 20.
Nh4 {[%clk 0:58:31]} Bxg2 {[%clk 1:08:43]} 21. Nxg2 {[%clk 0:54:01]} Qc4 {[%clk
1:06:12]} 22. Qxc4 {[%clk 0:53:32]} Nxc4 {[%clk 1:06:12]} 23. Ne3 {[%clk
0:53:32]} Nxe3 {[%clk 1:00:43]} 24. Bxe3 {[%clk 0:53:32]} Kg8 {[%clk 0:58:12]}
25. Rad1 {[%clk 0:46:01]} Rfd8 {[%clk 0:58:12]} 26. Bb6 {[%clk 0:45:32]} Rxd1
{[%clk 0:58:12]} 27. Rxd1 {[%clk 0:45:32]} Ra6 {[%clk 0:58:12]} 28. Be3 {[%clk
0:42:02]} Rd6 {[%clk 0:57:43]} 29. Rxd6 {[%clk 0:41:32]} Bxd6 {[%clk 0:57:43]}
30. Kf1 {[%clk 0:39:01]} Kf7 {[%clk 0:56:13]} 31. Ke2 {[%clk 0:38:30]} Ke6 {[%clk
0:55:44]} 32. Kd3 {[%clk 0:38:01]} Kd5 {[%clk 0:55:44]} 33. f3 {[%clk 0:26:30]}
Bc5 {[%clk 0:54:14]} 34. Bd2 {[%clk 0:24:59]} b5 {[%clk 0:53:45]} 35. g4 {[%clk
0:18:30]} g6 {[%clk 0:53:45]} 36. Be1 {[%clk 0:17:59]} f5 {[%clk 0:53:15]} 37.
gxf5 gxf5 {[%clk 0:42:46]} 38. h3 Bg1 {[%clk 0:42:46]} 39. Bh4 e4+ {[%clk
0:42:46]} 40. fxe4+ fxe4+ {[%clk 0:42:46]} 41. Ke2 Kc4 {[%clk 0:42:46]} 42. Bf6
Kb3 {[%clk 0:42:46]} 43. Bd4 Bxd4 {[%clk 0:42:46]} 0-1

[Event "Campeonato España Sub 16"]
[Site "Salobreña"]
[Date "2017.07.29"]
[Round "9"]
[White "Munoz Pelaez, Manuel"]
[Black "Orantes Taboada, Francisco"]
[Result "1/2-1/2"]
[Board "2"]
[WhiteClock "1:30"]
[WhiteElo "2104"]
[WhiteCountry "ESP"]
[WhiteFideId "22274723"]
[WhiteEloChange "2"]
[BlackClock "1:30"]
[BlackTitle "FM"]
[BlackElo "2183"]
[BlackCountry "ESP"]
[BlackFideId "22274758"]
[BlackEloChange "-2"]

1. e4 {[%clk 1:30:00]} b6 {[%clk 1:30:00]} 2. d4 {[%clk 1:31:00]} Bb7 {[%clk
1:31:00]} 3. Bd3 {[%clk 1:31:00]} Nc6 {[%clk 1:31:00]} 4. c3 {[%clk 1:31:00]} e5
{[%clk 1:30:00]} 5. d5 {[%clk 1:31:00]} Nce7 {[%clk 1:31:00]} 6. Nf3 {[%clk
1:31:00]} Ng6 {[%clk 1:31:00]} 7. h4 {[%clk 1:31:00]} h5 {[%clk 1:30:00]} 8. g3
{[%clk 1:31:00]} Nf6 {[%clk 1:28:00]} 9. O-O {[%clk 1:30:00]} Be7 {[%clk
1:26:00]} 10. c4 {[%clk 1:29:00]} Ng4 {[%clk 1:22:00]} 11. Bg5 {[%clk 1:12:00]}
f6 {[%clk 1:07:00]} 12. Bd2 {[%clk 1:12:00]} Nf8 {[%clk 1:06:00]} 13. Nh2 {[%clk
1:04:00]} Nxh2 {[%clk 0:57:00]} 14. Kxh2 {[%clk 1:05:00]} g5 {[%clk 0:57:00]} 15.
Be2 {[%clk 0:45:00]} g4 {[%clk 0:52:00]} 16. f3 {[%clk 0:46:00]} f5 {[%clk
0:38:00]} 17. exf5 {[%clk 0:45:00]} Bxh4 {[%clk 0:38:00]} 18. fxg4 {[%clk
0:43:00]} hxg4 {[%clk 0:37:32]} 19. Bxg4 {[%clk 0:42:28]} Bxg3+ {[%clk 0:37:32]}
20. Kxg3 {[%clk 0:38:00]} Qh4+ {[%clk 0:39:00]} 21. Kf3 {[%clk 0:38:00]} Ng6
{[%clk 0:25:00]} 22. fxg6 {[%clk 0:25:00]} O-O+ {[%clk 0:24:00]} 23. Ke3 {[%clk
0:24:00]} e4 {[%clk 0:25:00]} 24. Kxe4 {[%clk 0:12:58]} Rxf1 {[%clk 0:12:13]} 25.
Qxf1 {[%clk 0:13:22]} Qxg4+ {[%clk 0:12:46]} 26. Kd3 {[%clk 0:07:53]} Rf8 {[%clk
0:13:10]} 27. Qe2 {[%clk 0:07:54]} Rf3+ {[%clk 0:13:10]} 28. Be3 {[%clk 0:08:00]}
Ba6 {[%clk 0:12:50]} 29. Nd2 {[%clk 0:07:08]} Qf5+ {[%clk 0:13:05]} 30. Kc3
{[%clk 0:06:02]} Qe5+ {[%clk 0:13:30]} 31. Kc2 {[%clk 0:04:34]} Rxe3 {[%clk
0:09:56]} 32. Qf2 {[%clk 0:04:58]} Qe8 {[%clk 0:07:25]} 33. Rg1 {[%clk 0:04:20]}
Re7 {[%clk 0:05:03]} 34. Qd4 {[%clk 0:04:18]} d6 {[%clk 0:03:27]} 35. Qf6 {[%clk
0:03:01]} Qf8 {[%clk 0:02:55]} 36. Qd4 {[%clk 0:02:34]} Qf5+ {[%clk 0:02:50]} 37.
Qd3 {[%clk 0:02:38]} Qxd3+ {[%clk 0:01:48]} 38. Kxd3 {[%clk 0:03:07]} Bc8 {[%clk
0:02:17]} 39. Nf3 {[%clk 0:02:03]} Bf5+ {[%clk 0:01:59]} 40. Kd2 {[%clk 0:02:31]}
Re4 {[%clk 0:02:09]} 41. b3 {[%clk 0:02:02]} Kg7 {[%clk 0:02:29]} 42. Re1 {[%clk
0:01:30]} Rxe1 {[%clk 0:02:37]} 43. Kxe1 {[%clk 0:00:59]} Kxg6 {[%clk 0:03:06]}
44. Kd2 {[%clk 0:01:20]} Bd7 {[%clk 0:02:56]} 45. Kc3 {[%clk 0:01:43]} Kf5 {[%clk
0:02:54]} 46. Kd4 {[%clk 0:01:38]} a5 {[%clk 0:02:43]} 47. Ne1 {[%clk 0:01:24]}
Be8 {[%clk 0:02:54]} 48. Nd3 {[%clk 0:01:40]} b5 {[%clk 0:00:43]} 49. c5 {[%clk
0:00:59]} Bd7 {[%clk 0:00:49]} 50. c6 {[%clk 0:00:50]} Bc8 {[%clk 0:00:44]} 51.
a3 {[%clk 0:01:02]} Kf6 {[%clk 0:00:54]} 52. Nb2 {[%clk 0:01:14]} Bh3 {[%clk
0:01:02]} 53. a4 {[%clk 0:00:48]} Bf1 {[%clk 0:01:14]} 54. axb5 {[%clk 0:00:43]}
Bxb5 {[%clk 0:01:42]} 55. Nd1 {[%clk 0:00:40]} Kf5 {[%clk 0:01:24]} 56. Nc3
{[%clk 0:01:02]} Bf1 {[%clk 0:01:47]} 57. Na2 {[%clk 0:01:09]} Kf4 {[%clk
0:01:47]} 1/2-1/2

[Event "Campeonato España Sub 16"]
[Site "Salobreña"]
[Date "2017.07.29"]
[Round "9"]
[White "Galiana Fernandez, Adrian"]
[Black "Masague Artero, Guerau"]
[Result "1-0"]
[Board "3"]
[WhiteClock "1:30"]
[WhiteElo "2274"]
[WhiteCountry "ESP"]
[WhiteFideId "32010150"]
[WhiteEloChange "3"]
[BlackClock "1:30"]
[BlackElo "1965"]
[BlackCountry "ESP"]
[BlackFideId "32098952"]
[BlackEloChange "-3"]

1. e4 {[%clk 1:30:00]} c5 {[%clk 1:30:00]} 2. Nf3 {[%clk 1:31:00]} Nc6 {[%clk
1:31:00]} 3. d4 {[%clk 1:31:00]} cxd4 {[%clk 1:31:00]} 4. Nxd4 {[%clk 1:32:00]}
Nf6 {[%clk 1:32:00]} 5. Nc3 {[%clk 1:32:00]} e5 {[%clk 1:32:00]} 6. Ndb5 {[%clk
1:33:00]} d6 {[%clk 1:32:00]} 7. Nd5 {[%clk 1:33:00]} Nxd5 {[%clk 1:33:00]} 8.
exd5 {[%clk 1:33:00]} Ne7 {[%clk 1:33:00]} 9. c3 {[%clk 1:34:00]} Nf5 {[%clk
1:33:00]} 10. a4 {[%clk 1:34:00]} Be7 {[%clk 1:32:00]} 11. Bd3 {[%clk 1:34:00]}
Nh4 {[%clk 1:27:00]} 12. O-O {[%clk 1:34:00]} O-O {[%clk 1:27:00]} 13. f4 {[%clk
1:34:00]} f5 {[%clk 1:25:00]} 14. fxe5 {[%clk 1:34:00]} dxe5 {[%clk 1:25:00]} 15.
d6 {[%clk 1:33:00]} Bg5 {[%clk 1:24:00]} 16. Bc4+ {[%clk 1:08:00]} Kh8 {[%clk
1:24:00]} 17. Qd5 {[%clk 1:06:00]} Bd7 {[%clk 1:02:00]} 18. Qxb7 {[%clk 1:00:00]}
Bxc1 {[%clk 0:55:00]} 19. Rfxc1 {[%clk 0:59:30]} Bxb5 {[%clk 0:54:00]} 20. axb5
{[%clk 0:59:30]} Qxd6 {[%clk 0:55:00]} 21. Bd5 {[%clk 0:50:00]} Qc5+ {[%clk
0:52:00]} 22. Kh1 {[%clk 0:49:00]} Rab8 {[%clk 0:50:00]} 23. b4 {[%clk 0:41:00]}
Rxb7 {[%clk 0:42:00]} 24. bxc5 {[%clk 0:41:00]} Rxb5 {[%clk 0:41:30]} 25. Rxa7
{[%clk 0:42:00]} Rxc5 {[%clk 0:38:00]} 26. c4 {[%clk 0:42:00]} Rb8 {[%clk
0:33:00]} 27. g3 {[%clk 0:31:00]} Ng6 {[%clk 0:33:00]} 28. Rca1 {[%clk 0:31:00]}
Rcc8 {[%clk 0:19:04]} 29. Rd7 {[%clk 0:26:00]} Rd8 {[%clk 0:15:58]} 30. Raa7
{[%clk 0:26:00]} Rxd7 {[%clk 0:15:43]} 31. Rxd7 {[%clk 0:27:00]} Rc8 {[%clk
0:15:03]} 32. c5 {[%clk 0:27:00]} h6 {[%clk 0:12:30]} 33. c6 {[%clk 0:27:00]} Kh7
{[%clk 0:11:13]} 34. c7 {[%clk 0:28:00]} Nf8 {[%clk 0:11:24]} 35. Bb7 {[%clk
0:28:00]} 1-0

[Event "Campeonato España Sub 16"]
[Site "Salobreña"]
[Date "2017.07.29"]
[Round "9"]
[White "Fernandez Camello, Alejandro"]
[Black "Aguilera Lopez, Alejandro"]
[Result "1-0"]
[Board "4"]
[WhiteClock "1:30"]
[WhiteElo "2097"]
[WhiteCountry "ESP"]
[WhiteFideId "32038992"]
[WhiteEloChange "14"]
[BlackClock "1:30"]
[BlackElo "2251"]
[BlackCountry "ESP"]
[BlackFideId "32093810"]
[BlackEloChange "-14"]

1. Nf3 {[%clk 1:30:00]} Nf6 {[%clk 1:30:00]} 2. c4 {[%clk 1:31:00]} c6 {[%clk
1:30:00]} 3. Nc3 {[%clk 1:31:00]} e6 {[%clk 1:31:00]} 4. d4 {[%clk 1:31:00]} d5
{[%clk 1:31:00]} 5. g3 {[%clk 1:32:00]} Nbd7 {[%clk 1:31:00]} 6. Bg2 {[%clk
1:32:00]} Be7 {[%clk 1:31:00]} 7. O-O {[%clk 1:32:00]} O-O {[%clk 1:31:00]} 8.
Nd2 {[%clk 1:33:00]} Qb6 {[%clk 1:29:00]} 9. c5 {[%clk 1:30:00]} Qc7 {[%clk
1:28:00]} 10. e4 {[%clk 1:29:00]} dxe4 {[%clk 1:26:00]} 11. Ndxe4 {[%clk
1:29:00]} e5 {[%clk 1:26:00]} 12. dxe5 {[%clk 1:28:00]} Nxe4 {[%clk 1:26:00]} 13.
Nxe4 {[%clk 1:28:00]} Qxe5 {[%clk 1:26:00]} 14. Re1 {[%clk 0:59:00]} Nxc5 {[%clk
1:15:00]} 15. Qc2 {[%clk 0:50:00]} Nxe4 {[%clk 1:08:00]} 16. Bxe4 {[%clk
0:46:00]} Kh8 {[%clk 1:09:00]} 17. Bf4 {[%clk 0:47:00]} Qc5 {[%clk 1:07:00]} 18.
Bxh7 {[%clk 0:42:00]} Be6 {[%clk 1:02:00]} 19. Re5 {[%clk 0:36:00]} Qxc2 {[%clk
1:00:00]} 20. Bxc2 {[%clk 0:37:00]} Rfd8 {[%clk 0:59:30]} 21. Rh5+ {[%clk
0:29:00]} Kg8 {[%clk 1:01:00]} 22. Bc7 {[%clk 0:30:00]} Rd5 {[%clk 0:56:00]} 23.
Bh7+ {[%clk 0:29:00]} Kf8 {[%clk 0:56:00]} 24. Bf5 {[%clk 0:28:28]} Bd8 {[%clk
0:56:00]} 25. Rh8+ {[%clk 0:26:59]} Ke7 {[%clk 0:57:00]} 26. Bxe6 {[%clk
0:28:00]} fxe6 {[%clk 0:57:00]} 27. Bf4 {[%clk 0:27:30]} a5 {[%clk 0:56:00]} 28.
Re1 {[%clk 0:26:59]} Ra6 {[%clk 0:55:00]} 29. h4 {[%clk 0:26:00]} Kf7 {[%clk
0:55:00]} 30. h5 {[%clk 0:23:00]} Bf6 {[%clk 0:51:00]} 31. h6 {[%clk 0:19:42]} g5
{[%clk 0:50:00]} 32. Rh7+ {[%clk 0:20:00]} Kg6 {[%clk 0:50:00]} 33. Rxb7 {[%clk
0:15:54]} gxf4 {[%clk 0:51:00]} 34. Rxe6 {[%clk 0:16:04]} fxg3 {[%clk 0:45:00]}
35. fxg3 {[%clk 0:15:32]} Kf5 {[%clk 0:39:00]} 36. Re8 {[%clk 0:14:37]} Rd1+
{[%clk 0:32:00]} 37. Kg2 {[%clk 0:11:27]} Rd2+ {[%clk 0:29:00]} 38. Kf3 {[%clk
0:11:36]} Rh2 {[%clk 0:27:00]} 39. h7 {[%clk 0:11:49]} c5 {[%clk 0:24:00]} 40.
g4+ {[%clk 0:11:37]} Kg6 {[%clk 0:23:31]} 41. Rg8+ {[%clk 0:11:56]} Bg7 {[%clk
0:23:00]} 42. Rbxg7+ {[%clk 0:12:02]} Kf6 {[%clk 0:23:00]} 43. Rg6+ {[%clk
0:12:02]} 1-0

[Event "Campeonato España Sub 16"]
[Site "Salobreña"]
[Date "2017.07.29"]
[Round "9"]
[White "Gomez Sanjuan, Hector Fernando"]
[Black "Gines Esteo, Pedro Antonio"]
[Result "1-0"]
[Board "5"]
[WhiteClock "1:30"]
[WhiteElo "2189"]
[WhiteCountry "ESP"]
[WhiteFideId "22274960"]
[WhiteEloChange "15"]
[BlackClock "1:30"]
[BlackTitle "FM"]
[BlackElo "2375"]
[BlackCountry "ESP"]
[BlackFideId "32080190"]
[BlackEloChange "-15"]

1. d4 {[%clk 1:30:00]} d6 {[%clk 1:30:00]} 2. Nf3 {[%clk 1:31:00]} f5 {[%clk
1:30:00]} 3. c4 {[%clk 1:31:00]} g6 {[%clk 1:30:00]} 4. Nc3 {[%clk 1:30:00]} Nf6
{[%clk 1:30:00]} 5. g3 {[%clk 1:30:00]} Bg7 {[%clk 1:30:00]} 6. Bg2 {[%clk
1:30:00]} O-O {[%clk 1:30:00]} 7. O-O {[%clk 1:30:00]} Nc6 {[%clk 1:30:00]} 8. d5
{[%clk 1:29:00]} Ne5 {[%clk 1:31:00]} 9. Nd2 {[%clk 1:26:00]} g5 {[%clk 1:24:00]}
10. Qc2 {[%clk 1:21:00]} c6 {[%clk 1:21:00]} 11. Rb1 {[%clk 1:18:00]} e6 {[%clk
1:13:00]} 12. dxc6 {[%clk 1:15:00]} Nxc6 {[%clk 1:07:00]} 13. Nb3 {[%clk
1:11:00]} Ng4 {[%clk 1:04:00]} 14. Qd2 {[%clk 1:06:00]} h6 {[%clk 1:02:00]} 15.
Nb5 {[%clk 1:02:00]} f4 {[%clk 1:01:00]} 16. Nxd6 {[%clk 0:54:00]} Nge5 {[%clk
1:00:00]} 17. c5 {[%clk 0:47:00]} f3 {[%clk 1:00:00]} 18. exf3 {[%clk 0:46:29]}
Nxf3+ {[%clk 1:00:00]} 19. Bxf3 {[%clk 0:48:00]} Rxf3 {[%clk 1:00:00]} 20. Nxc8
{[%clk 0:40:00]} Qxc8 {[%clk 1:00:00]} 21. Qe2 {[%clk 0:39:00]} Ne5 {[%clk
0:59:30]} 22. Be3 {[%clk 0:38:00]} g4 {[%clk 0:59:00]} 23. Bd4 {[%clk 0:37:00]}
Ng6 {[%clk 0:58:00]} 24. Bxg7 {[%clk 0:36:30]} Kxg7 {[%clk 0:58:00]} 25. Nd4
{[%clk 0:35:58]} Rf6 {[%clk 0:59:00]} 26. Qxg4 {[%clk 0:36:00]} h5 {[%clk
0:59:00]} 27. Qxh5 {[%clk 0:31:00]} e5 {[%clk 0:58:28]} 28. Nc2 {[%clk 0:26:00]}
Qe6 {[%clk 0:58:28]} 29. Ne3 {[%clk 0:26:00]} Raf8 {[%clk 0:57:00]} 30. Rbd1
{[%clk 0:24:00]} R8f7 {[%clk 0:56:00]} 31. Ng4 {[%clk 0:23:00]} Rf5 {[%clk
0:55:00]} 32. Qh6+ {[%clk 0:23:00]} Kg8 {[%clk 0:56:00]} 33. Rd8+ {[%clk
0:22:30]} Rf8 {[%clk 0:56:00]} 34. Rd6 {[%clk 0:22:00]} 1-0

[Event "Campeonato España Sub 16"]
[Site "Salobreña"]
[Date "2017.07.29"]
[Round "9"]
[White "Guerra Rivera, Salvador"]
[Black "Torcal Miguel, Oscar"]
[Result "1-0"]
[Board "6"]
[WhiteClock "1:30"]
[WhiteTitle "FM"]
[WhiteElo "2362"]
[WhiteCountry "ESP"]
[WhiteFideId "32096542"]
[WhiteEloChange "3"]
[BlackClock "1:30"]
[BlackElo "2033"]
[BlackCountry "ESP"]
[BlackFideId "32025700"]
[BlackEloChange "-3"]

1. e4 {[%clk 1:30:00]} c5 {[%clk 1:30:00]} 2. Nf3 {[%clk 1:30:00]} d6 {[%clk
1:30:00]} 3. d4 {[%clk 1:30:00]} cxd4 {[%clk 1:29:00]} 4. Nxd4 {[%clk 1:31:00]}
Nf6 {[%clk 1:29:00]} 5. Nc3 {[%clk 1:31:00]} g6 {[%clk 1:28:00]} 6. Be3 {[%clk
1:31:00]} Bg7 {[%clk 1:28:00]} 7. f3 {[%clk 1:31:00]} O-O {[%clk 1:26:00]} 8. Qd2
{[%clk 1:31:00]} Nc6 {[%clk 1:26:00]} 9. O-O-O {[%clk 1:31:00]} d5 {[%clk
1:25:00]} 10. Kb1 {[%clk 1:31:00]} Nxd4 {[%clk 1:19:00]} 11. e5 {[%clk 1:31:00]}
Nd7 {[%clk 1:13:00]} 12. Bxd4 {[%clk 1:31:00]} Nxe5 {[%clk 1:11:00]} 13. Qe3
{[%clk 1:31:00]} Nc6 {[%clk 1:09:00]} 14. Bxg7 {[%clk 1:31:00]} Kxg7 {[%clk
1:09:00]} 15. Nxd5 {[%clk 1:32:00]} Qa5 {[%clk 1:08:00]} 16. b4 {[%clk 1:32:00]}
Qa4 {[%clk 1:06:00]} 17. b5 {[%clk 1:32:00]} Be6 {[%clk 1:01:00]} 18. Qc3+ {[%clk
1:20:00]} f6 {[%clk 1:00:00]} 19. bxc6 {[%clk 1:20:00]} Rfd8 {[%clk 0:57:00]} 20.
Rd4 {[%clk 1:03:00]} Qxc6 {[%clk 0:56:00]} 21. Qxc6 {[%clk 1:03:00]} bxc6 {[%clk
0:55:30]} 22. Nf4 {[%clk 1:02:00]} Rab8+ {[%clk 0:55:00]} 23. Ka1 {[%clk
0:58:00]} Bf5 {[%clk 0:54:00]} 24. Rxd8 {[%clk 0:57:29]} Rxd8 {[%clk 0:55:00]}
25. Bd3 {[%clk 0:57:29]} 1-0

[Event "Campeonato España Sub 16"]
[Site "Salobreña"]
[Date "2017.07.29"]
[Round "9"]
[White "Cubas Cabrera, Angel Luis"]
[Black "Lianes Garcia, Marcos"]
[Result "0-1"]
[Board "7"]
[WhiteClock "1:30"]
[WhiteElo "2029"]
[WhiteCountry "ESP"]
[WhiteFideId "32046561"]
[WhiteEloChange "-3"]
[BlackClock "1:30"]
[BlackTitle "FM"]
[BlackElo "2352"]
[BlackCountry "ESP"]
[BlackFideId "32060777"]
[BlackEloChange "3"]

1. d4 {[%clk 1:30:00]} Nf6 {[%clk 1:30:00]} 2. Nf3 {[%clk 1:31:00]} e6 {[%clk
1:30:00]} 3. c4 {[%clk 1:31:00]} Nc6 {[%clk 1:31:00]} 4. g3 {[%clk 1:32:00]} d5
{[%clk 1:31:00]} 5. Bg2 {[%clk 1:31:00]} dxc4 {[%clk 1:32:00]} 6. Qa4 {[%clk
1:31:00]} Bb4+ {[%clk 1:32:00]} 7. Bd2 {[%clk 1:30:00]} Nd5 {[%clk 1:32:00]} 8.
Qb5 {[%clk 1:30:00]} Bxd2+ {[%clk 1:32:00]} 9. Nbxd2 {[%clk 1:30:00]} c3 {[%clk
1:33:00]} 10. bxc3 {[%clk 1:31:00]} Nxc3 {[%clk 1:33:00]} 11. Qd3 {[%clk
1:31:00]} Nd5 {[%clk 1:32:00]} 12. O-O {[%clk 1:31:00]} O-O {[%clk 1:32:00]} 13.
e4 {[%clk 1:19:00]} Nb6 {[%clk 1:30:00]} 14. Nb3 {[%clk 1:13:00]} Qe7 {[%clk
1:29:00]} 15. Rfd1 {[%clk 1:06:00]} Rd8 {[%clk 1:28:00]} 16. Rac1 {[%clk
1:06:00]} a5 {[%clk 1:15:00]} 17. Qc2 {[%clk 1:01:00]} a4 {[%clk 1:06:00]} 18.
Nc5 {[%clk 0:58:00]} a3 {[%clk 0:58:00]} 19. h4 {[%clk 0:51:00]} Nd7 {[%clk
0:53:00]} 20. Nb3 {[%clk 0:39:00]} Nf8 {[%clk 0:45:00]} 21. Rd2 {[%clk 0:35:00]}
Qb4 {[%clk 0:37:00]} 22. Rcd1 {[%clk 0:27:00]} Qd6 {[%clk 0:28:00]} 23. Rc1
{[%clk 0:25:00]} Rd7 {[%clk 0:26:00]} 24. Nc5 {[%clk 0:19:04]} Re7 {[%clk
0:26:00]} 25. Qb3 {[%clk 0:17:33]} Ra7 {[%clk 0:19:12]} 26. Qc3 {[%clk 0:15:10]}
b6 {[%clk 0:18:03]} 27. e5 {[%clk 0:13:16]} Qd8 {[%clk 0:18:25]} 28. Nxe6 {[%clk
0:11:25]} Bxe6 {[%clk 0:18:20]} 29. Qxc6 {[%clk 0:11:50]} Bd5 {[%clk 0:18:31]}
30. Qc3 {[%clk 0:12:04]} Ne6 {[%clk 0:18:23]} 31. Rcd1 {[%clk 0:10:43]} Rd7
{[%clk 0:17:59]} 32. Ne1 {[%clk 0:09:21]} Ra5 {[%clk 0:12:21]} 33. Nc2 {[%clk
0:09:10]} Bxg2 {[%clk 0:11:17]} 34. Kxg2 {[%clk 0:09:39]} Rad5 {[%clk 0:11:22]}
35. Qxa3 {[%clk 0:05:58]} c5 {[%clk 0:11:39]} 36. Ne3 {[%clk 0:04:41]} Rxd4
{[%clk 0:11:43]} 37. Rxd4 {[%clk 0:05:06]} cxd4 {[%clk 0:10:36]} 38. Nc4 {[%clk
0:05:24]} Qc7 {[%clk 0:08:41]} 39. Nd6 {[%clk 0:04:38]} Qc6+ {[%clk 0:08:38]} 40.
Kg1 {[%clk 0:04:16]} Qd5 {[%clk 0:08:03]} 41. f4 {[%clk 0:04:11]} Nc5 {[%clk
0:07:33]} 42. Qb2 {[%clk 0:04:05]} d3 {[%clk 0:07:03]} 43. Qxb6 {[%clk 0:04:05]}
h5 {[%clk 0:07:17]} 44. Qb8+ {[%clk 0:03:46]} Kh7 {[%clk 0:07:41]} 45. Qb1 {[%clk
0:03:10]} Qf3 {[%clk 0:05:42]} 46. Kh2 {[%clk 0:03:35]} Qe2+ {[%clk 0:05:40]} 47.
Kh3 {[%clk 0:03:42]} Ra7 {[%clk 0:05:07]} 48. Re1 {[%clk 0:03:59]} Qc2 {[%clk
0:04:54]} 49. Qd1 {[%clk 0:03:18]} g6 {[%clk 0:04:21]} 50. Qf3 {[%clk 0:02:46]}
Rxa2 {[%clk 0:04:40]} 51. Rh1 {[%clk 0:03:11]} Qe2 {[%clk 0:04:58]} 52. Nxf7
{[%clk 0:02:57]} Qxf3 {[%clk 0:03:34]} 53. Ng5+ {[%clk 0:03:26]} Kg7 {[%clk
0:04:27]} 54. Nxf3 {[%clk 0:03:53]} Rf2 {[%clk 0:04:28]} 55. Ng5 {[%clk 0:03:50]}
d2 {[%clk 0:04:21]} 56. Rd1 {[%clk 0:04:08]} Re2 {[%clk 0:04:27]} 57. g4 {[%clk
0:03:22]} Nd3 {[%clk 0:01:53]} 58. Kg3 {[%clk 0:03:07]} Nb2 {[%clk 0:01:35]} 59.
Ne6+ {[%clk 0:03:21]} Kf7 {[%clk 0:02:01]} 60. Nd4 {[%clk 0:01:48]} Re3+ {[%clk
0:02:01]} 0-1

[Event "Campeonato España Sub 16"]
[Site "Salobreña"]
[Date "2017.07.29"]
[Round "9"]
[White "Villacorta Nicolas, David"]
[Black "Plazuelo Pascual, Juan"]
[Result "0-1"]
[Board "8"]
[WhiteClock "1:30"]
[WhiteElo "2019"]
[WhiteCountry "ESP"]
[WhiteFideId "22295135"]
[WhiteEloChange "-3"]
[BlackClock "1:30"]
[BlackTitle "FM"]
[BlackElo "2334"]
[BlackCountry "ESP"]
[BlackFideId "32059566"]
[BlackEloChange "3"]

1. e4 {[%clk 1:30:00]} e6 {[%clk 1:30:00]} 2. d4 {[%clk 1:31:00]} d5 {[%clk
1:31:00]} 3. Nc3 {[%clk 1:31:00]} Nf6 {[%clk 1:31:00]} 4. e5 {[%clk 1:31:00]}
Nfd7 {[%clk 1:32:00]} 5. f4 {[%clk 1:31:00]} c5 {[%clk 1:32:00]} 6. Nf3 {[%clk
1:32:00]} Nc6 {[%clk 1:32:00]} 7. Be3 {[%clk 1:32:00]} Be7 {[%clk 1:33:00]} 8.
Qd2 {[%clk 1:31:00]} O-O {[%clk 1:33:00]} 9. O-O-O {[%clk 1:31:00]} c4 {[%clk
1:33:00]} 10. f5 {[%clk 1:27:00]} b5 {[%clk 1:32:00]} 11. fxe6 {[%clk 1:19:00]}
fxe6 {[%clk 1:32:00]} 12. Nxb5 {[%clk 1:05:00]} Rb8 {[%clk 1:26:00]} 13. Nd6
{[%clk 1:03:00]} Bxd6 {[%clk 1:25:00]} 14. exd6 {[%clk 1:04:00]} Nf6 {[%clk
1:24:00]} 15. c3 {[%clk 0:54:00]} Qa5 {[%clk 1:18:00]} 16. a3 {[%clk 0:40:00]}
Bd7 {[%clk 1:15:00]} 17. Bg5 {[%clk 0:18:16]} Ne4 {[%clk 1:14:00]} 18. Qc2 {[%clk
0:18:09]} Qb6 {[%clk 1:07:00]} 19. Re1 {[%clk 0:12:28]} Na5 {[%clk 1:03:00]} 20.
Rxe4 {[%clk 0:08:43]} dxe4 {[%clk 1:02:00]} 21. Nd2 {[%clk 0:08:30]} Rf2 {[%clk
0:56:00]} 22. Be3 {[%clk 0:03:38]} Ba4 {[%clk 0:55:30]} 23. Qxa4 {[%clk 0:02:52]}
Qxb2+ {[%clk 0:55:30]} 24. Kd1 {[%clk 0:03:19]} Qa1+ {[%clk 0:55:30]} 0-1